[Event "Excelsior February op"]
[Site "Toronto CAN"]
[Date "2023.02.03"]
[Round "1.8"]
[White "Mendes, Aaron Reeve"]
[Black "Yang, Lefan"]
[Result "1-0"]
[WhiteElo "2219"]
[BlackElo "1812"]
[PlyCount "45"]
[GameId "2160767907251167"]
[EventDate "2023.02.03"]
[EventType "swiss"]
[EventRounds "5"]
[EventCountry "CAN"]

1. e4 c5 2. Nf3 Nc6 3. Bb5 e6 4. O-O Nge7 5. d4 cxd4 6. Nxd4 Qb6 7. Nxc6 bxc6 8. Be2 d5 9. Nc3 Ng6 10. exd5 cxd5 11. Bb5+ Kd8 12. Be3 Bc5 13. Nxd5 Qxb5 14. Nc3+ Qd7 15. Bxc5 Ba6 16. Qf3 Bb7 17. Ne4 Kc8 18. Rfd1 Qc7 19. Bd6 Qd7 20. Bg3 Bd5 21. Qc3+ Qc6 22. Nd6+ Kd7 23. Qxg7 1-0

[Event "Excelsior February op"]
[Site "Toronto CAN"]
[Date "2023.02.04"]
[Round "2.7"]
[White "Gavrileva, Anna"]
[Black "Mendes, Aaron Reeve"]
[Result "1/2-1/2"]
[WhiteElo "1301"]
[BlackElo "2219"]
[PlyCount "94"]
[GameId "2160767907251180"]
[EventDate "2023.02.03"]
[EventType "swiss"]
[EventRounds "5"]
[EventCountry "CAN"]

1. d4 Nf6 2. Bf4 g6 3. e3 Bg7 4. Nf3 O-O 5. Be2 d5 6. Nbd2 c5 7. c3 b6 8. Ne5 Bb7 9. h4 h6 10. h5 g5 11. Bxg5 hxg5 12. h6 Bxh6 13. Rxh6 Kg7 14. Rh3 Rh8 15. Bh5 Nxh5 16. Rxh5 f6 17. Qc2 Qe8 18. Rxh8 Kxh8 19. O-O-O Qh5 20. Ng6+ Kg7 21. Nxe7 Kf8 22. Nf5 Qh7 23. g4 Nc6 24. Nd6 Qxc2+ 25. Kxc2 Bc8 26. Nxc8 Rxc8 27. Rh1 Kg7 28. Nb3 c4 29. Nd2 b5 30. Nf1 a5 31. Ng3 Ne7 32. e4 Rd8 33. exd5 Rxd5 34. Re1 Kf7 35. Kd2 b4 36. Nf1 Nc6 37. Ne3 Rd7 38. Kc2 Rc7 39. Nxc4 Nxd4+ 40. cxd4 Rxc4+ 41. Kd3 Rc8 42. Re2 Rc1 43. Rc2 Rd1+ 44. Rd2 Rc1 45. Rc2 Rd1+ 46. Rd2 Rc1 47. Rc2 Rd1+ 1/2-1/2

[Event "Excelsior February op"]
[Site "Toronto CAN"]
[Date "2023.02.04"]
[Round "3.4"]
[White "Mendes, Aaron Reeve"]
[Black "Laughlin, Braden"]
[Result "1/2-1/2"]
[WhiteElo "2219"]
[BlackElo "1948"]
[PlyCount "76"]
[GameId "2160767907251191"]
[EventDate "2023.02.03"]
[EventType "swiss"]
[EventRounds "5"]
[EventCountry "CAN"]

1. e4 c5 2. Nf3 d6 3. d4 cxd4 4. Qxd4 Nc6 5. Qe3 g6 6. h3 Bg7 7. Be2 Nf6 8. O-O O-O 9. c4 Nd7 10. Nc3 b6 11. b3 Bb7 12. Bb2 Nde5 13. Nxe5 dxe5 14. Rfd1 Qb8 15. Rac1 Nd4 16. Bf1 Bc6 17. Ne2 Nxe2+ 18. Bxe2 Qb7 19. f3 Rfd8 20. a3 Rd7 21. Rxd7 Bxd7 22. Rd1 Be6 23. Kh1 Qc7 24. a4 Rd8 25. Rxd8+ Qxd8 26. Qd3 Qc8 27. Ba3 Bf6 28. Kh2 Bg5 29. b4 h5 30. Qc2 Bf4+ 31. g3 Be3 32. Bf1 h4 33. Bc1 hxg3+ 34. Kxg3 Bd4 35. Ba3 Be3 36. Bc1 Bd4 37. Ba3 Be3 38. Bc1 Bd4 1/2-1/2

[Event "Excelsior February op"]
[Site "Toronto CAN"]
[Date "2023.02.05"]
[Round "4.7"]
[White "Singh Dhaliwal, Jaipreet"]
[Black "Mendes, Aaron Reeve"]
[Result "0-1"]
[WhiteElo "1629"]
[BlackElo "2219"]
[PlyCount "88"]
[GameId "2160767907251208"]
[EventDate "2023.02.03"]
[EventType "swiss"]
[EventRounds "5"]
[EventCountry "CAN"]

1. e4 c5 2. Nf3 d6 3. d4 cxd4 4. Nxd4 Nf6 5. Nc3 a6 6. Be3 e5 7. Nb3 Be6 8. f3 h5 9. Qd2 Nbd7 10. O-O-O Rc8 11. Kb1 Be7 12. h3 Qc7 13. Bd3 h4 14. f4 b5 15. f5 Bc4 16. Bg5 b4 17. Ne2 a5 18. Qe3 a4 19. Nd2 d5 20. Bxf6 Nxf6 21. exd5 Nxd5 22. Qe4 Bxd3 23. Qxd3 O-O 24. Rc1 Rfd8 25. Qe4 a3 26. Nb3 axb2 27. Kxb2 Qa7 28. Rb1 Qa3+ 29. Ka1 Ra8 30. Nbc1 Nc3 31. Qc4 Nxb1 32. Kxb1 b3 33. cxb3 Rd2 34. Qc3 Rxa2 35. Rd1 Ra1+ 36. Kc2 Qa6 37. Qd3 Qc6+ 38. Nc3 Bb4 39. Qc4 Qb7 40. Qd5 Qxd5 41. Nxd5 Bc5 42. b4 Bd4 43. Rd3 Rc8+ 44. Kb3 Rcxc1 0-1

[Event "Excelsior January op"]
[Site "Toronto CAN"]
[Date "2023.01.06"]
[Round "1.6"]
[White "Mendes, Aaron Reeve"]
[Black "Zhong, Ryan Yunhui"]
[Result "1-0"]
[WhiteElo "2200"]
[BlackElo "1963"]
[PlyCount "77"]
[GameId "2160767907251794"]
[EventDate "2023.01.06"]
[EventType "swiss"]
[EventRounds "5"]
[EventCountry "CAN"]

1. e4 e6 2. Nf3 d5 3. Nc3 Nf6 4. e5 Nfd7 5. d4 c5 6. Bg5 Qb6 7. dxc5 Bxc5 8. Qd2 Nc6 9. O-O-O Bb4 10. a3 Bxc3 11. Qxc3 O-O 12. Bd3 f6 13. exf6 Nxf6 14. Be3 Qc7 15. Bc5 Re8 16. Nd4 Qf4+ 17. Kb1 Nxd4 18. g3 Qc7 19. Bxd4 Qxc3 20. Bxc3 e5 21. f4 Bg4 22. fxe5 Bxd1 23. exf6 Be2 24. fxg7 Bxd3 25. cxd3 Rad8 26. Bd4 Re2 27. h4 Rd2 28. g4 Rxd3 29. Bf6 Re8 30. Ka2 Rd2 31. h5 d4 32. Rc1 d3 33. Bc3 Rg2 34. Rd1 d2 35. h6 Rd8 36. g5 Rd6 37. Rf1 Rd8 38. Bb4 Rg1 39. Rf8+ 1-0

[Event "Excelsior January op"]
[Site "Toronto CAN"]
[Date "2023.01.07"]
[Round "3.4"]
[White "Mendes, Aaron Reeve"]
[Black "Reshetniak, Vitaliy"]
[Result "1/2-1/2"]
[WhiteElo "2200"]
[BlackElo "2027"]
[PlyCount "118"]
[GameId "2160767907317344"]
[EventDate "2023.01.06"]
[EventType "swiss"]
[EventRounds "5"]
[EventCountry "CAN"]

1. e4 c5 2. Nf3 e6 3. Be2 a6 4. O-O Qc7 5. d4 cxd4 6. Nxd4 Nf6 7. Bd3 Nc6 8. c3 Bc5 9. Be3 Ne5 10. h3 d5 11. Bf4 dxe4 12. Re1 Bd6 13. Bxe4 Nxe4 14. Rxe4 O-O 15. Nd2 Ng6 16. Bxd6 Qxd6 17. Qe2 b5 18. N2f3 Bb7 19. Re3 Nf4 20. Qe1 Rfe8 21. g3 Ng6 22. h4 Qd5 23. b3 Red8 24. Rd1 Rac8 25. Rd2 Qh5 26. Kh2 h6 27. Ne5 Rd5 28. Ndf3 Nxe5 29. Nxe5 Rcd8 30. Rxd5 Rxd5 31. f3 Qf5 32. Qe2 f6 33. Nd3 e5 34. Nf2 Qd7 35. Nd3 Bc8 36. Qf1 Qd6 37. Qe2 Bf5 38. Nf2 Rd2 39. Qe1 Rxa2 40. Re2 Qa3 41. Rxa2 Qxa2 42. b4 Qd5 43. Qe3 Bc2 44. g4 f5 45. Qe2 Bb1 46. Kg3 fxg4 47. fxg4 e4 48. Qe3 Bd3 49. Qd4 Qf7 50. Nxe4 Bxe4 51. Qxe4 Qc7+ 52. Kg2 Qxc3 53. Qe8+ Kh7 54. Qe4+ Kg8 55. Qe8+ Kh7 56. Qe4+ g6 57. h5 Qg7 58. Kh3 Qc3+ 59. Kg2 Qg7 1/2-1/2

[Event "Excelsior January op"]
[Site "Toronto CAN"]
[Date "2023.01.08"]
[Round "4.5"]
[White "Munro, Allan"]
[Black "Mendes, Aaron Reeve"]
[Result "0-1"]
[WhiteElo "2173"]
[BlackElo "2200"]
[PlyCount "68"]
[GameId "2160767907317353"]
[EventDate "2023.01.06"]
[EventType "swiss"]
[EventRounds "5"]
[EventCountry "CAN"]

1. e4 c5 2. Nf3 d6 3. Bb5+ Bd7 4. Bxd7+ Qxd7 5. c4 e5 6. Nc3 g6 7. d3 Bg7 8. O-O Ne7 9. a3 O-O 10. b4 b6 11. Be3 Nbc6 12. Rb1 Nd4 13. Bxd4 cxd4 14. Nd5 Nxd5 15. cxd5 Bh6 16. Nd2 f5 17. Qe2 Rac8 18. Nc4 Bg5 19. b5 fxe4 20. Qxe4 Rf4 21. Qe2 Rf6 22. a4 Rc5 23. Rbe1 Rxd5 24. g3 Rc5 25. f4 exf4 26. Qe4 fxg3 27. Qe8+ Qxe8 28. Rxe8+ Kg7 29. hxg3 d5 30. Rxf6 dxc4 31. Rc6 cxd3 32. Rxc5 d2 33. Rxg5 d1=Q+ 34. Kf2 Qd2+ 0-1

[Event "Excelsior January op"]
[Site "Toronto CAN"]
[Date "2023.01.08"]
[Round "5.3"]
[White "Mendes, Aaron Reeve"]
[Black "Sanchez, Victor"]
[Result "1/2-1/2"]
[WhiteElo "2200"]
[BlackElo "2322"]
[PlyCount "105"]
[GameId "2160767907317360"]
[EventDate "2023.01.06"]
[EventType "swiss"]
[EventRounds "5"]
[EventCountry "CAN"]

1. e4 c5 2. Nf3 d6 3. Bb5+ Nd7 4. d4 cxd4 5. Qxd4 a6 6. Bxd7+ Bxd7 7. Nc3 e5 8. Qd3 h6 9. O-O Nf6 10. b3 Qc7 11. Ne2 b5 12. Ba3 Rc8 13. Rac1 Be6 14. Ng3 Qa5 15. Bb2 Be7 16. a3 Qb6 17. h3 Qb7 18. Nh4 O-O 19. Nhf5 Rfd8 20. f4 d5 21. Nxe7+ Qxe7 22. fxe5 Nxe4 23. Nxe4 dxe4 24. Qxe4 Rd2 25. Rf2 Qc5 26. Qf4 Rcd8 27. b4 Qxf2+ 28. Qxf2 Rxf2 29. Kxf2 Rd2+ 30. Kf3 Bd5+ 31. Ke3 Rxg2 32. Kd4 Be6 33. h4 Bf5 34. Kc5 Bxc2 35. Kb6 Bf5 36. Bd4 Rd2 37. Bc3 Ra2 38. Kxa6 Bd3 39. Ra1 Rxa1 40. Bxa1 Kh7 41. Ka5 g5 42. h5 Be2 43. Kb6 Kg8 44. Bd4 Kf8 45. Bc5+ Ke8 46. Kc6 Bd3 47. Kc7 g4 48. Kd6 g3 49. e6 Be2 50. exf7+ Kxf7 51. Ke5 g2 52. Kf4 Bxh5 53. Kg3 1/2-1/2

[Event "CAN-ch"]
[Site "Kingston CAN"]
[Date "2022.04.15"]
[Round "5"]
[White "Dickson, Raymond"]
[Black "Mendes, Aaron Reeve"]
[Result "0-1"]
[WhiteElo "1349"]
[BlackElo "1520"]
[PlyCount "62"]
[GameId "2160767907512055"]
[EventDate "2022.04.13"]
[EventType "swiss"]
[EventRounds "9"]
[EventCountry "CAN"]
[SourceTitle "CBM 207 Extra"]
[Source "ChessBase"]
[SourceDate "2022.05.31"]
[SourceVersion "1"]
[SourceVersionDate "2022.05.31"]
[SourceQuality "1"]

1. d4 d5 2. e3 Nf6 3. Bd3 c5 4. c3 Nc6 5. f4 Bg4 6. Nf3 e6 7. Nbd2 Bd6 8. O-O Qe7 9. Qe1 Bf5 10. Bxf5 exf5 11. Ne5 O-O 12. Ndf3 Ne4 13. Nxc6 bxc6 14. Ne5 Rac8 15. Bd2 f6 16. Nf3 Rce8 17. dxc5 Bxc5 18. Nd4 Nxd2 19. Qxd2 Qxe3+ 20. Qxe3 Rxe3 21. Nxf5 Rxc3+ 22. Kh1 Rc4 23. Rac1 Re8 24. b3 Rxc1 25. Rxc1 d4 26. h3 d3 27. Rd1 g6 28. Ng3 d2 29. Rxd2 Re1+ 30. Kh2 Bg1+ 31. Kh1 Be3+ 0-1

[Event "CAN-ch U10 Online"]
[Site "chess.com"]
[Date "2020.11.08"]
[Round "3.17"]
[White "Mendes, Aaron Reeve"]
[Black "Hou, Nathan"]
[Result "1-0"]
[WhiteElo "1231"]
[BlackElo "248"]
[PlyCount "49"]
[GameId "2160767907635785"]
[EventDate "2020.11.08"]
[EventType "swiss (rapid)"]
[EventRounds "6"]
[EventCountry "CAN"]

1. e4 e5 2. Nf3 Nc6 3. Bc4 Bc5 4. O-O Nf6 5. c3 d6 6. d4 exd4 7. cxd4 Bb6 8. Nc3 Be6 9. d5 Bxd5 10. exd5 Ne5 11. Nxe5 dxe5 12. Qe2 Qd6 13. Nb5 Qe7 14. Be3 h6 15. Rfd1 O-O 16. d6 cxd6 17. Nxd6 Rad8 18. Nf5 Qc7 19. Rxd8 Rxd8 20. Rc1 Qd7 21. Bxb6 axb6 22. Ne3 Qe7 23. Nf5 Qd7 24. Qxe5 Ng4 25. Qxg7# 1-0

[Event "Ottawa Winter op"]
[Site "Ottawa CAN"]
[Date "2025.01.17"]
[Round "1.5"]
[White "Youcef, Youcef"]
[Black "Mendes, Aaron Reeve"]
[Result "1-0"]
[WhiteElo "1982"]
[BlackElo "2415"]
[PlyCount "61"]
[GameId "2136100490834648"]
[EventDate "2025.01.17"]
[EventType "swiss"]
[EventRounds "5"]
[EventCountry "CAN"]

1. e4 c5 2. Nf3 d6 3. d4 cxd4 4. Nxd4 Nf6 5. Nc3 a6 6. h3 e5 7. Nb3 Be6 8. Qf3 Nbd7 9. Bd2 Rc8 10. O-O-O h5 11. Rg1 h4 12. Kb1 Qc7 13. Bd3 b5 14. Nd5 Qb7 15. Na5 Qa8 16. c4 bxc4 17. Bxc4 Rxc4 18. Nxc4 Nxd5 19. exd5 Bxd5 20. Qg4 Nf6 21. Nxd6+ Ke7 22. Bg5 Kxd6 23. Bxf6 gxf6 24. Rxd5+ Kxd5 25. Qf3+ e4 26. Qf5+ Kc4 27. Rc1+ Kd3 28. Rc3+ Ke2 29. Qg4+ Kd2 30. Re3 Qc6 31. Qe2# 1-0

[Event "Ottawa Winter op"]
[Site "Ottawa CAN"]
[Date "2025.01.19"]
[Round "4.7"]
[White "Mendes, Aaron Reeve"]
[Black "Xu, Leon"]
[Result "1/2-1/2"]
[WhiteElo "2415"]
[BlackElo "2157"]
[PlyCount "89"]
[GameId "2136100634919675"]
[EventDate "2025.01.17"]
[EventType "swiss"]
[EventRounds "5"]
[EventCountry "CAN"]

1. e4 e6 2. Nf3 d5 3. Nc3 d4 4. Ne2 c5 5. c3 Nf6 6. e5 Nfd7 7. cxd4 cxd4 8. Nexd4 Nxe5 9. Nxe5 Qxd4 10. Nf3 Qb6 11. d4 Nc6 12. Bd3 Bb4+ 13. Kf1 Bd7 14. Be3 Qd8 15. h4 h6 16. Rc1 Bd6 17. a3 Ne7 18. Ne5 Bxe5 19. dxe5 Bc6 20. Bc4 Qa5 21. Qd4 Nf5 22. Qc5 Nxe3+ 23. Qxe3 Rd8 24. b4 Qa4 25. Kg1 O-O 26. Rh3 Rd1+ 27. Kh2 Rxc1 28. Qxc1 Bxg2 29. Rg3 Be4 30. Qxh6 g6 31. Qf4 Bf5 32. h5 Qd1 33. Qh6 Be4 34. f3 Rd8 35. fxe4 Rd2+ 36. Rg2 Rxg2+ 37. Kxg2 Qc2+ 38. Kg1 Qxc4 39. hxg6 Qd4+ 40. Kf1 Qd3+ 41. Kf2 Qc2+ 42. Kg3 Qd3+ 43. Kf2 Qc2+ 44. Kg3 Qd3+ 45. Kf2 1/2-1/2